El mejor medicamento eres tú: la salud está en tus manos
Saved in:
| Hovedforfatter: | |
|---|---|
| Format: | Bog |
| Sprog: | spansk |
| Udgivet: |
Santiago
Aguilar
2014
|
| Udgivelse: | 2a. ed |
| Fag: | |
| Tags: |
Tilføj Tag
Ingen Tags, Vær først til at tagge denne postø!
|
MARC
| LEADER | 00000cam a2200000 a 4500 | ||
|---|---|---|---|
| 001 | UCD6463 | ||
| 003 | CL-VaPUC | ||
| 008 | 161209e20140400cl |||||||||||||||||spa|d | ||
| 020 | |a 9789563477153 | ||
| 082 | 0 | 4 | |a 155.6 |b SAL |2 21 |
| 100 | 0 | |a Saldmann, Frédéric |e author |9 590280 | |
| 245 | 1 | 3 | |a El mejor medicamento eres tú: la salud está en tus manos |
| 250 | |a 2a. ed | ||
| 300 | |a 333 p | ||
| 942 | |c BK | ||
| 945 | |d 20161209 23:21:00 |a arojas | ||
| 260 | |a Santiago |b Aguilar |c 2014 | ||
| 650 | 7 | |a PSICOLOGIA HUMANA |2 CL-VaPUC |9 399416 | |
| 650 | 0 | |a Adultos |9 335034 | |
| 650 | 0 | |a Medicamentos |9 312424 | |
| 650 | 7 | |a SALUD INTEGRAL |2 CL-VaPUC |9 407521 | |
| 650 | 0 | |a Salud mental |9 308393 | |
| 583 | |a last modification |c 20161209 23:21:00 |k Rodrigo Vera | ||
| 999 | |c 366778 |d 366776 | ||
| 952 | |0 0 |1 0 |3 erb |4 0 |6 155_600000000000000_SAL_2014 |7 0 |8 C |9 481312 |a BIBCUR |b BIBCUR |i 5355079 |l 2 |o 155.6 SAL 2014 |p 5355079 |r 2025-04-22 |s 2024-12-10 |w 2019-11-24 |y BK |z Catalogado en:20161209 |k CAC | ||